All Countries and Dependencies by Population - Statistics

General Stats
  • This quiz has been taken 224 times
  • The average score is 69 of 239
Answer Stats
Population Country/Dep/Ter Hint (Continent/Ocean) % Correct
1 1,385,200,000 China Asia
94%
2 1,230,750,000 India Asia
94%
6 207,958,000 Brazil South America
92%
3 325,698,000 United States North America
92%
4 261,890,900 Indonesia Asia
89%
7 193,500,543 Nigeria Africa
88%
8 163,072,000 Bangladesh Asia
86%
5 208,782,000 Pakistan Asia
86%
9 146,773,226 Russia Europe/Asia
84%
11 123,364,426 Mexico North America
81%
10 126,750,000 Japan Asia
80%
12 104,545,000 Philippines Asia
75%
13 94,351,001 Ethiopia Africa
70%
16 82,800,000 Germany Europe
70%
14 93,700,000 Vietnam Asia
69%
15 93,466,400 Egypt Africa
67%
21 67,080,000* France Europe
67%
23 60,532,325 Italy Europe
67%
19 79,814,871 Turkey Europe/Asia
67%
22 65,648,100* United Kingdom Europe
67%
18 80,402,900 Iran Asia
61%
30 46,528,966 Spain Europe
61%
29 49,386,600 Colombia South America
59%
31 44,044,811 Argentina South America
58%
17 81,339,988 DR Congo Africa
58%
24 57,310,000 Tanzania Africa
58%
20 68,414,000 Thailand Asia
58%
27 51,446,201 South Korea Asia
56%
32 42,467,037* Ukraine Europe
55%
38 36,647,300 Canada North America
53%
28 49,699,862 Kenya Africa
53%
26 55,371,000 Myanmar Asia
53%
35 38,424,000 Poland Europe
53%
25 56,521,900 South Africa Africa
53%
43 31,826,018 Peru South America
52%
44 31,431,164 Venezuela South America
52%
53 24,640,500 Australia Oceania
48%
34 40,782,742 Sudan Africa
48%
33 41,697,498 Algeria Africa
47%
36 38,274,618 Iraq Asia
47%
59 19,638,000 Romania Europe
45%
40 33,354,135 Saudi Arabia Asia
45%
39 34,422,600* Morocco Africa
44%
65 17,373,831 Chile South America
42%
67 16,805,600 Ecuador South America
42%
42 32,199,500 Malaysia Asia
42%
37 37,673,800 Uganda Africa
42%
69 16,176,133 Guatemala North America
41%
41 32,345,000 Uzbekistan Asia
41%
66 17,151,700 Netherlands Europe
39%
45 29,700,000 Afghanistan Asia
38%
46 28,956,587 Ghana Africa
38%
48 28,359,634 Angola Africa
36%
81 11,145,770 Bolivia South America
36%
83 10,783,748 Greece Europe
36%
50 27,128,530 Mozambique Africa
36%
47 28,825,709 Nepal Asia
36%
49 28,250,000 Yemen Asia
36%
78 11,367,186 Belgium Europe
34%
56 23,248,044 Cameroon Africa
34%
80 11,239,224 Cuba North America
34%
52 25,491,000 North Korea Asia
34%
58 21,203,000 Sri Lanka Asia
34%
55 23,554,803 Taiwan Asia
34%
82 10,911,819 Haiti North America
33%
51 25,571,000 Madagascar Africa
33%
197 800 Vatican City Europe
33%
106 6,581,940 El Salvador North America
31%
64 18,034,400 Kazakhstan Asia
31%
57 21,477,348 Niger Africa
31%
105 6,953,646 Paraguay South America
31%
134 3,493,205 Uruguay South America
31%
70 15,848,495 Cambodia Asia
30%
85 10,579,067 Czech Republic Europe
30%
88 10,169,172 Dominican Republic North America
30%
95 8,866,351 Honduras North America
30%
- 7,374,900 Hong Kong Asia (China)
30%
54 24,295,000 Ivory Coast Africa
30%
61 18,622,000 Malawi Africa
30%
62 18,542,000 Mali Africa
30%
109 6,305,956 Nicaragua North America
30%
60 19,632,147 Burkina Faso Africa
28%
121 4,947,490 Costa Rica North America
28%
129 3,814,672 Panama North America
28%
100 8,151,300 Papua New Guinea Oceania
28%
- 3,411,307 Puerto Rico North America (USA)
28%
89 10,072,600 Sweden Europe
28%
63 18,270,000 Syria Asia
28%
74 14,542,235 Zimbabwe Africa
28%
72 14,900,000 Chad Africa
27%
112 5,760,694 Denmark Europe
27%
115 5,507,101 Finland Europe
27%
75 12,717,000 Guinea Africa
27%
92 9,799,000 Hungary Europe
27%
196 10,084 Nauru Oceania
27%
117 5,277,762 Norway Europe
27%
87 10,309,573 Portugal Europe
27%
71 15,256,346 Senegal Africa
27%
116 5,435,343 Slovakia Europe
27%
68 16,405,229 Zambia Africa
27%
139 2,730,894 Jamaica North America
25%
123 4,813,000 New Zealand Oceania
25%
193 33,230 San Marino Europe
25%
104 7,058,322* Serbia Europe
25%
79 11,304,482 Tunisia Africa
25%
96 8,794,267 Austria Europe
23%
93 9,495,500 Belarus Europe
23%
126 4,154,213 Croatia Europe
23%
159 869,458 Fiji Oceania
23%
192 37,550 Monaco Europe
23%
77 11,809,300 Rwanda Africa
23%
73 14,743,000 Somalia Africa
23%
76 12,131,000 South Sudan Africa
23%
99 8,431,702 Switzerland Europe
23%
195 10,640 Tuvalu Oceania
23%
- 584,000 Western Sahara Africa (Morocco)
23%
102 7,101,859 Bulgaria Europe
22%
124 4,757,976 Ireland Europe
22%
132 3,550,900* Moldova Europe
22%
114 5,607,300 Singapore Asia
22%
167 541,638 Suriname South America
22%
137 2,876,591 Albania Europe
20%
187 78,264 Andorra Europe
20%
84 10,653,654 Benin Africa
20%
133 3,518,000 Bosnia and Herzegovina Europe
20%
86 10,400,938 Burundi Africa
20%
160 848,300 Cyprus Europe(!)
20%
153 1,315,635 Estonia Europe
20%
163 746,900 Guyana South America
20%
110 6,140,200 Kyrgyzstan Asia
20%
107 6,492,400 Laos Asia
20%
147 1,935,800 Latvia Europe
20%
108 6,385,000 Libya Africa
20%
191 37,815 Liechtenstein Europe
20%
138 2,819,753 Lithuania Europe
20%
169 429,344 Malta Europe
20%
165 622,387 Montenegro Europe
20%
194 17,950 Palau Oceania
20%
179 186,000 Saint Lucia North America
20%
177 196,315 Samoa Oceania
20%
97 8,742,000 Tajikistan Asia
20%
101 7,178,000 Togo Africa
20%
- 475,665 Transnistria Europe (Moldova)
20%
180 113,400 Kiribati Oceania
19%
111 6,082,000 Lebanon Asia
19%
166 590,667 Luxembourg Europe
19%
145 2,073,702 Macedonia Europe
19%
178 187,356 São Tomé and Príncipe Africa
19%
152 1,353,895 Trinidad and Tobago North America
19%
113 5,758,000 Turkmenistan Asia
19%
94 9,400,000 United Arab Emirates Asia
19%
- 240,705 Abkhazia Asia (Georgia)
17%
91 9,843,031 Azerbaijan Asia
17%
172 378,040 Bahamas North America
17%
175 285,000 Barbados North America
17%
168 531,239 Cape Verde Africa
17%
119 5,099,000 Central African Republic Africa
17%
161 806,153 Comoros Africa
17%
- 50,250 Faroe Islands Europe (Denmark)
17%
131 3,718,200* Georgia Asia
17%
- 56,483 Greenland North America (Denmark)
17%
182 103,328 Grenada North America
17%
174 343,960 Iceland Europe
17%
98 8,734,300 Israel Asia
17%
90 9,961,110 Jordan Asia
17%
148 1,836,978 Kosovo Europe
17%
- 648,300 Macau Asia (China)
17%
189 54,880 Marshall Islands Oceania
17%
141 2,368,747 Namibia Africa
17%
- 313,626 Northern Cyprus Europe(!) (Turkey)
17%
- 57 Pitcairn Islands Pacific Ocean (UK)
17%
103 7,075,641 Sierra Leone Africa
17%
146 2,065,895 Slovenia Europe
17%
164 642,000 Solomon Islands Oceania
17%
176 277,500 Vanuatu Oceania
17%
171 380,010 Belize North America
16%
170 417,200 Brunei Asia
16%
- 271,800 French Polynesia Pacific Ocean (France)
16%
184 102,800 F. S. Micronesia Oceania
16%
- 184,200 Guam Pacific Ocean (USA)
16%
- 104,200 Jersey Europe (UK)
16%
127 4,132,415 Kuwait Asia
16%
173 344,023 Maldives Asia
16%
154 1,263,820 Mauritius Africa
16%
- 268,767 New Caledonia Oceania (France)
16%
- 1,470 Niue Oceania (New Zealand)
16%
125 4,573,075 Oman Asia
16%
190 46,204 Saint Kitts and Nevis North America
16%
181 109,991 Saint Vincent and the Grenadines North America
16%
185 94,205 Seychelles Africa
16%
183 103,252 Tonga Oceania
16%
186 86,295 Antigua and Barbuda North America
14%
136 3,981,500 Armenia Asia
14%
162 790,780 Bhutan Asia
14%
188 71,293 Dominica North America
14%
150 1,547,777 Guinea-Bissau Africa
14%
143 2,233,000 Lesotho Africa
14%
128 4,076,530 Liberia Africa
14%
130 3,806,719 Mauritania Africa
14%
140 2,675,522 Qatar Asia
14%
118 5,261,000 Republic of the Congo Africa
14%
- 53,532 South Ossetia Asia (Georgia)
14%
144 2,101,000 The Gambia Africa
14%
- 110,108 Aruba South America (Netherlands)
13%
151 1,404,900 Bahrain Asia
13%
142 2,230,905 Botswana Africa
13%
- 550 Cocos Islands Indian Ocean (Australia)
13%
- 158,986 Curaçao South America (Netherlands)
13%
156 1,167,242 East Timor Asia
13%
120 5,069,000 Eritrea Africa
13%
- 2,563 Falkland Islands South America (UK)
13%
- 33,140 Gibraltar Europe (UK)
13%
- 62,723 Guernsey Europe (UK)
13%
135 3,166,775 Mongolia Asia
13%
- 150,932 Nagorno-Karabakh Asia (Azerbaijan)
13%
122 4,816,503(!) Palestine Asia
13%
- 5,633 Saint Helena, Ascension and Tristan da Cunha Atlantic Ocean (UK)
13%
- 2,072 Christmas Island Indian Ocean (Australia)
11%
- 18,100 Cook Islands Oceania (New Zealand)
11%
155 1,222,442 Equatorial Guinea Africa
11%
149 1,811,079 Gabon Africa
11%
- 56,940 Northern Mariana Islands Pacific Ocean (USA)
11%
- 1,411 Tokelau Oceania (New Zealand)
11%
- 57,100 American Samoa Oceania (USA)
9%
158 900,000 Djibouti Africa
9%
157 1,132,657 Swaziland Africa
9%
- 106,000 Virgin Islands North America (USA)
9%
- 13,452 Anguilla North America (UK)
8%
- 28,514 British Virgin Islands North America (UK)
8%
- 83,314 Isle of Man Europe (UK)
8%
- 4,922 Montserrat North America (UK)
8%
- 36,457 Saint-Martin North America (France)
8%
- 6,286 Saint Pierre and Miquelon North America (France)
8%
- 39,410 Sint Maarten North America (Netherlands)
8%
- 11,750 Wallis and Futuna Oceania (France)
8%
- 61,954 Bermuda Atlantic Ocean (UK)
6%
- 9,417 Saint Barthélemy North America (France)
6%
- 60,413 Cayman Islands North America (UK)
5%
- 31,458 Turks and Caicos Islands North America (UK)
5%
No matching quizzes found
Score Distribution
Percent of People with Each Score
Percentile by Number Answered
Your Score History
You have not taken this quiz